Systém obchodného práva vo Zväzovej republike Juhoslávii (ZRJ)

Historický vývoj obchodného práva v rámci súkromného práva vo Zväzovej republike Juhoslávii (ZRJ). Charakteristika súčasnej právnej úpravy obchodných spoločností. Charakteristika súčasnej právnej úpravy obchodných zväzových vzťahov.

Gespeichert in:
Bibliographische Detailangaben
1. Verfasser: Hemela, K.
Format: Buchkapitel
Sprache:Slowakisch
Schlagworte:
Tags: Tag hinzufügen
Keine Tags, Fügen Sie das erste Tag hinzu!

MARC

LEADER 00000naa a2200000 4500
001 r043943
005 20230929080949.4
041 0 |a slo 
044 |a SK 
245 1 0 |a Systém obchodného práva vo Zväzovej republike Juhoslávii (ZRJ)  |c K. Hemela 
520 |a Historický vývoj obchodného práva v rámci súkromného práva vo Zväzovej republike Juhoslávii (ZRJ). Charakteristika súčasnej právnej úpravy obchodných spoločností. Charakteristika súčasnej právnej úpravy obchodných zväzových vzťahov. 
610 2 0 |a právo obchodné 
610 2 0 |a Juhoslávia 
610 2 0 |a spoločnosti obchodné 
610 2 0 |a vzťahy obchodné záväzkové 
100 1 |a Hemela, K.